Software engineering : (Record no. 19852)
[ view plain ]
| 000 -LEADER | |
|---|---|
| fixed length control field | 02079cam a22002895a 4500 |
| 001 - CONTROL NUMBER | |
| control field | 17674228 |
| 005 - DATE AND TIME OF LATEST TRANSACTION | |
| control field | 20150810130404.0 |
| 008 - FIXED-LENGTH DATA ELEMENTS--GENERAL INFORMATION | |
| fixed length control field | 130326t2013 maua frb 001 0 eng d |
| 020 ## - INTERNATIONAL STANDARD BOOK NUMBER | |
| International Standard Book Number | 9780124077683 |
| 020 ## - INTERNATIONAL STANDARD BOOK NUMBER | |
| International Standard Book Number | 0124077684 |
| 040 ## - CATALOGING SOURCE | |
| Original cataloging agency | DLC |
| Language of cataloging | eng |
| Transcribing agency | DLC |
| Modifying agency | DLC |
| -- | EG-ScBUE |
| 082 04 - DEWEY DECIMAL CLASSIFICATION NUMBER | |
| Classification number | 005.1 |
| Item number | SCH |
| Edition number | 22 |
| 100 1# - MAIN ENTRY--PERSONAL NAME | |
| Personal name | Schmidt, Richard F. |
| Fuller form of name | (Richard Francis), |
| Dates associated with a name | 1956- |
| 9 (RLIN) | 38286 |
| 245 10 - TITLE STATEMENT | |
| Title | Software engineering : |
| Remainder of title | architecture-driven software development / |
| Statement of responsibility, etc | Richard F. Schmidt. |
| 260 ## - PUBLICATION, DISTRIBUTION, ETC. (IMPRINT) | |
| Place of publication, distribution, etc | Waltham, Massachusetts : |
| Name of publisher, distributor, etc | Morgan Kaufmann / Elsevier, |
| Date of publication, distribution, etc | c.2013. |
| 300 ## - PHYSICAL DESCRIPTION | |
| Extent | xxiv, 351 p. : |
| Other physical details | ill. ; |
| Dimensions | 24 cm. |
| 500 ## - GENERAL NOTE | |
| General note | Index : p. 343-351. |
| 504 ## - BIBLIOGRAPHY, ETC. NOTE | |
| Bibliography, etc | Includes bibliographical references. |
| 505 0# - FORMATTED CONTENTS NOTE | |
| Formatted contents note | Section 1. Software Engineering Foundations -- Introduction to Software Engineering -- Generic Software Development Framework -- The Software Architecture -- Coping with Project Complexity -- Integrated Product and Process Development -- Section 2. Specifying Software Requirements -- Understanding Software Requirements -- Software Requirements Analysis -- Managing Requirements -- Section 3. Developing the Functional Architecture -- Formulating the Functional Architecture -- Functional Analysis and Allocation Tasks -- Section 4. Developing the Physical Architecture -- Configuring the Physical Architecture -- Application Design Synthesis -- Section 5. Software Architectural Design Decisions -- Evaluating Architectural Alternatives -- Software Analysis Tasks -- Section 6. Managing the Software Architecture -- Software Control Tasks -- Software Verification and Validation Tasks -- Section 7. Software Integrated Product and Process Development -- Software Requirements Definition -- Preliminary Architecture Definition -- Detailed Architecture Definition -- Software Implementation. |
| 650 #0 - SUBJECT ADDED ENTRY--TOPICAL TERM | |
| Topical term or geographic name as entry element | Software engineering. |
| Source of heading or term | BUEsh |
| 650 #0 - SUBJECT ADDED ENTRY--TOPICAL TERM | |
| Topical term or geographic name as entry element | Software architecture. |
| Source of heading or term | BUEsh |
| 650 #0 - SUBJECT ADDED ENTRY--TOPICAL TERM | |
| Topical term or geographic name as entry element | Computer software |
| General subdivision | Development. |
| Source of heading or term | BUEsh |
| 651 ## - SUBJECT ADDED ENTRY--GEOGRAPHIC NAME | |
| Source of heading or term | BUEsh |
| 653 ## - INDEX TERM--UNCONTROLLED | |
| Resource For college | Informatics and Computer Science |
| -- | Engineering, General |
| Arrived date list | June2015 |
| -- | August2015 |
| 655 ## - INDEX TERM--GENRE/FORM | |
| Form subdivision | |
| -- | 34232 |
| 942 ## - ADDED ENTRY ELEMENTS (KOHA) | |
| Source of classification or shelving scheme | Dewey Decimal Classification |
| Call number prefix | 005.1 SCH |
| Withdrawn status | Lost status | Source of classification or shelving scheme | Damaged status | Not for loan | Koha collection | Home library | Current library | Shelving location | Date acquired | Source of acquisition | Cost, normal purchase price | Serial Enumeration / chronology | Total Checkouts | Full call number | Barcode | Date last seen | Date last borrowed | Cost, replacement price | Koha item type |
|---|---|---|---|---|---|---|---|---|---|---|---|---|---|---|---|---|---|---|---|
| Dewey Decimal Classification | Alahram | Central Library | Central Library | Lower Floor | 24/06/2015 | 487.00 | 325 | 1 | 005.1 SCH | 000038820 | 15/07/2025 | 08/02/2016 | 608.75 | Book - Borrowing |